स्त्री शरीर विज्ञान (प्रश्नोत्तरी) (Record no. 336565)

MARC details
000 -LEADER
fixed length control field 00754nam a2200169Ia 4500
008 - FIXED-LENGTH DATA ELEMENTS--GENERAL INFORMATION
fixed length control field 090711s9999 xx 000 0 und d
082 ## - DEWEY DECIMAL CLASSIFICATION NUMBER
Item number 1597
100 ## - MAIN ENTRY--PERSONAL NAME
Personal name गांधी अश्र्विनी
245 ## - TITLE STATEMENT
Title स्त्री शरीर विज्ञान (प्रश्नोत्तरी)
260 ## - PUBLICATION, DISTRIBUTION, ETC. (IMPRINT)
Name of publisher, distributor, etc मराठी विज्ञान परिषद
Date of publication, distribution, etc 1999
300 ## - PHYSICAL DESCRIPTION
Extent 23
600 ## - SUBJECT ADDED ENTRY--PERSONAL NAME
Personal name गांधी अश्र्विनी
630 ## - SUBJECT ADDED ENTRY--UNIFORM TITLE
Uniform title स्त्री शरीर विज्ञान (प्रश्नोत्तरी)
700 ## - ADDED ENTRY--PERSONAL NAME
Personal name गांधी अश्र्विनी
730 ## - ADDED ENTRY--UNIFORM TITLE
Uniform title स्त्री शरीर विज्ञान (प्रश्नोत्तरी)
942 ## - ADDED ENTRY ELEMENTS (KOHA)
Koha item type Book

No items available.